000 00298nam a2200121Ia 4500
008 220204s9999 xx 000 0 und d
082 _a054
_bKOS
100 _aKostiner, Edward
245 0 _aFundamentals of chemistry
260 _aNew York
_bHarcourt
_c1979
700 _aRea, Jesse R
942 _cBK
999 _c33397
_d33397